000 00831cam a2200313 4500
008 090401t1997 xxu||||| |||| 00| 0 eng d
020 _a0419219900
035 _a(Sirsi) u92606
041 _aeng
050 _a333.77
245 _aEvaluation of the built environment for sustainability.
260 _aLondon
_bE & F N Spon
_c1997
300 _axxiii,568p. ; 24p.
350 _a60
650 _aBUILT ENVIRONMENT
650 _aPLANNING
650 _aPOLLUTION
650 _aSustainability
_96271
650 _aSUSTAINABLE DEVELOPMENT
650 _aURBAN DEVELOPMENT
650 _aURBAN ENVIRONMENT
650 _aValuation
_96273
690 _aURBAN RENEWAL
700 _aBrandon, P.S.
_xEditor
700 _aLombardi, P.L.
_xEditor
700 _aBentivegna, V.
_xEditor
942 _n0
948 _c08/04/1999
999 _c97762
_d97762